000 00382nam a22001697a 4500
003 SGT
020 _a9789354660221
082 _a612.015
_bP23G
100 _aGUPTA, R .C
245 _aPRACTICAL BIOCHEMISTRY
250 _a6TH
260 _aNEW DELHI
_bCBS PUBLISHER
_c2023
300 _a256
650 _aBIOCHEMISTRY
653 _aPRACTICAL, BIOCHEMISTRY
942 _2ddc
_cBK
_01
999 _c26437
_d26437